Poetry: Funeral Blues - Statistics

General Stats
  • This quiz has been taken 114 times
  • The average score is 11 of 16
Answer Stats
Answer % Correct
Prevent the dog from barking with a juicy {bone},
94%
Scribbling on the sky the message "He is {Dead}".
92%
He was my {North}, my South, my East and West,
86%
Let the traffic policemen wear black cotton {gloves}.
85%
For nothing now can ever come to any {good}.
80%
Stop all the {clocks}, cut off the telephone,
77%
I thought that {love} would last forever: I was wrong.
72%
Pack up the {moon} and dismantle the sun,
72%
My working week and my {Sunday} rest,
67%
Let {aeroplanes} circle moaning overhead
59%
The {stars} are not wanted now; put out every one,
56%
Bring out the {coffin}, let the mourners come.
54%
My {noon}, my midnight, my talk, my song;
53%
Silence the pianos and with muffled {drum}
51%
Put crepe bows round the {white} necks of the public doves,
48%
Pour away the {ocean} and sweep up the wood;
43%
No matching quizzes found
Score Distribution
Percent of People with Each Score
Percentile by Number Answered
Your Score History
You have not taken this quiz